Child labour labour rehabilitation in India (Record no. 444408)

000 -LEADER
fixed length control field 00580cam a22001577a 4500
008 - FIXED-LENGTH DATA ELEMENTS--GENERAL INFORMATION
fixed length control field 180718b2003 xxu||||| |||| 00| 0 eng d
082 ## - DEWEY DECIMAL CLASSIFICATION NUMBER
Classification number R17x54 Z89
245 ## - TITLE STATEMENT
Title Child labour labour rehabilitation in India
Statement of responsibility, etc. edited by Bupinder Zutshi and Mondira Dutta
260 ## - PUBLICATION, DISTRIBUTION, ETC.
Place of publication, distribution, etc. New DElhi
Name of publisher, distributor, etc. Bhavna books
Date of publication, distribution, etc. 2003
300 ## - PHYSICAL DESCRIPTION
Extent 257p.
650 ## - SUBJECT ADDED ENTRY--TOPICAL TERM
Topical term or geographic name entry element Children -- Rehabilitation -- India -- Congresses
650 ## - SUBJECT ADDED ENTRY--TOPICAL TERM
Topical term or geographic name entry element Child welfare -- India -- Congresses
650 ## - SUBJECT ADDED ENTRY--TOPICAL TERM
Topical term or geographic name entry element Child labor -- India -- Congresses
650 ## - SUBJECT ADDED ENTRY--TOPICAL TERM
Topical term or geographic name entry element Education -- India -- Congresses
700 ## - ADDED ENTRY--PERSONAL NAME
Personal name Zutshi, Bupinder and Dutta, Mondira
Holdings
Withdrawn status Lost status Damaged status Not for loan Permanent Location Current Location Date acquired Full call number Barcode Date last seen Price effective from Koha item type
        Indian Institute of Public Administration Indian Institute of Public Administration 2015-05-05 R17x54 Z89 86100 2018-07-21 2018-07-21 Book

Powered by Koha